10 rutes a Barcelona : Barcelona és molt més Barcelona és molt més
Descripción Física:
23 pàgines : il·lustracions ; 24 cm
Materias:
Barcelona (Catalunya : Província) -- Descripcions i viatges
; Barcelona (Catalunya : Província) -- Guies
Idioma:
Catalán
MARC
| LEADER | 00000nam a2200000 a 4500 | ||
|---|---|---|---|
| 001 | 26354 | ||
| 008 | 220726b spa||||| |||| 00| 0 cat d | ||
| 017 | |a DL B 5173-2017 | ||
| 080 | |a FU-72-35 | ||
| 245 | |a 10 rutes a Barcelona : |b Barcelona és molt més | ||
| 246 | 3 | 2 | |a Deu rutes a Barcelona |
| 260 | |a Barcelona : |b Diputació de Barcelona, |c 2017 | ||
| 300 | |a 23 pàgines : |b il·lustracions ; |c 24 cm | ||
| 651 | 0 | |a Barcelona (Catalunya : Província) |x Descripcions i viatges |9 52924 | |
| 651 | 0 | |a Barcelona (Catalunya : Província) |9 52676 |v Guies | |
| 710 | 2 | |a Barcelona és Molt Més |e marca turística |9 51323 | |
| 710 | 1 | |a Barcelona (Catalunya : Província). |b Diputació |9 52408 | |
| 901 | |a Arxiu | ||
| 942 | |n 1 |2 udc |c ARXIU | ||
| 952 | |0 0 |1 0 |4 0 |6 FU7235 |7 1 |9 63210 |a Arxiu |b Arxiu |d 2022-07-26 |l 0 |o FU-72-35 |p 26354 |r 2022-07-26 00:00:00 |w 2022-07-26 |y ARXIU | ||
| 999 | |c 82479 |d 82479 | ||